000 00553nam a2200205Ia 4500
003 GCL
008 140319s9999 xx 000 0 eng d
020 _a1654964167
040 _aGCL /
_cGCL
082 0 4 _a741.685
_bR B
100 1 _aLEENDERTSE, JEANNET
245 1 0 _aTHE BEST OF BUSINESS CARD DESIGN /
_cLEENDERTSE, JEANNET
260 _aنيويورك :
_bROCKPORT PUBLISHERS INC. ،
_c1994
300 _a30 CM ؛
_c159 P
650 0 4 _aDESIGN
650 0 4 _aBUSINESS
650 0 4 _aBUSINESS CARDS
650 0 4 _aADVERTISING CARDS
942 _2ddc
_cBK
999 _c937
_d937